1937 1741 1216 1866 1089 1363 1351 1520 1566 1617 1862 1519 1939 1663 1927 1290 1384 1801 1131 1580 1782 1794 1704 1874 1044 1011 1823 1860 1129 1010 1251 1920 1331 1235 1387 1684 1759 1302 1791 1733 1666 1742 1275 1249 1123 1462 1560 1009 1102 1355 1060 1660 1516 1282 1137 1142 1760 1290 1484 1441 1799 1982 1284 1251 1235 1877 1645 1114 1498 1468 1412 1438 1494 1207 1267 1586 1551 1426 1558 1222 1284 1088 1636 1089 1599 1770 1167 1182 1936 1640 1037 1270 1794 1423 1374 1143 1745 1586 1434 BCNSPRNW ULIB Ver.6.0+V

เปลี่ยนเป็นภาษาไทย

Change to English
 แสดงรายละเอียดบรรณานุกรม
  กลับหน้าหลัก

Brief Record : Get Marc (ISO 2709) : E-mail record : QR code < ปิดหน้าต่าง
LEADER : 00000nam 2200000uu 4500
001    13399125211
003     ULIB
008    161111s||||||||th 000 0 tha d
060  4 ^aWY18.2 ร318อ
100    ^aรังศิมา ลยางกูร
245    ^aเอกสารประกอบการสอน วิชา การพยาบาลผู้ใหญ่ 1-2 รหัสวิชา 501301-501302 /จุฑารัตน์ สว่างชัย
260    ^aนครสวรรค์^bวิทยาลัยพยาบาลบรมราชชนนี สวรรค์ประชารักษ์^c2547
300    ^a146 หน้า
650  7 ^aการพยาบาลผู้ใหญ่ 1
650  0 ^a^aการพยาบาลผู้ใหญ่ 2
700 0  ^aรังศิมา ลยางกูร
945    ^p0^l0^i001491
999    ^aวรรณษา ชูชัยมงคล
รายการนี้ยังไม่มีแท็ก
คุณยังไม่ได้ล็อกอิน คุณสามารถมีกิจกรรมร่วมกับเว็บไซต์ได้ แต่ต้องล็อกอินก่อน ::
  ล็อกอิน

รายการสื่อสารสนเทศ

ลำดับที่ ประเภท เลขเรียก/บาร์โค้ด สถานที่ สถานะ
1. Book การพยาบาล
Book การพยาบาล
WY18.2 ร318อ ฉ.1 
  Barcode: 001491
ห้องสมุดวิทยาเขตสวรรค์ประชารักษ์
►หนังสือทั่วไป
บนชั้น

รายการใกล้เคียง
    หัวเรื่อง [การพยาบาลผู้ใหญ่ 1]

BibComment


ยังไม่เคยถูกคอมเมนท์

คอมเมนท์ทรัพยากรรายการนี้
  คอมเมนท์: เอกสารประกอบการส..


 Copyright 2026. Bcnsprnw @Library